000 00607nam a2200181 a 4500
005 20140310183210.0
008 030224s19uu xx 00 eng d
020 _a0875964001
050 _aRA 778
_b.F435 1996
245 _aThe Female body an owners manual :
_ba head-to-toe guide to good health and body care at any age /
_cThe Editors of prevention Magazine books.
260 _aPennsylvania :
_bMagazine Health Books,
_c1996.
300 _a494 p. :
_bill. ;
_c24 cm.
521 _aNUR
650 _aWomen
_xhealth and hygiene
650 _aMedicine, popular
942 _cBK
_2lcc
_kFOR
999 _c20110
_d20110